000 00448nam a2200181Ia 4500
003 GCL
008 140319s9999 xx 000 0 eng d
040 _aGCL /
_cGCL
082 0 4 _a005.43
_bHM
100 1 _aHESLOP, BRENT D.
245 1 0 _aMASTERING SOLARIS 2 /
_cHESLOP, BRENT D.
700 1 _aANGELL, DAVID F.
260 _a[S.N] :
_bSYBEX INC. ،
_c1993
300 _a899 P
650 0 4 _aUNIX
650 0 4 _aWINDOWS PROGRAM
942 _2ddc
_cBK
999 _c10425
_d10425